Mycobasterium a vium ako etiologický agens ostevartikulárnej tuberkulózy

Bibliographic Details
Main Authors: Maar, Dezider, 1918-1998 (Author), Vincúrová, Mária (Author), Kopecký, Štefan, 1926-2019 (Author), Schwarz, Emil (Author)
Format: Article
Language:Slovak
PhysicalDescription:Obr. 7. Res. rus., angl., nem.
Subjects:

MARC

LEADER 00000nab a2200000 a 4500
001 vtls000004035
003 SK-MaSNL
005 20260304065810.0
008 250422c1978 xo 0 slo
015 |a SNBRB19rr/mm-uuuuu 
035 |a CL0014128 
035 |a urn:nbn:sk:snk-ab5r 
035 |a (urnnbn)urn:nbn:sk:snk:ar-a03b21 
035 |a (uuid)d10c36de-1b99-42db-939e-5262a5ad8f67 
040 |a SNKBUCL  |b slo  |c SNKBUCL  |e AACR2 
041 0 |a slo 
044 |a xo  |c SK 
080 |a 576  |2 1981 
080 |a 616.7  |2 1981 
100 1 |a Maar, Dezider,  |d 1918-1998  |4 aut  |9 117579 
245 1 0 |a Mycobasterium a vium ako etiologický agens ostevartikulárnej tuberkulózy  |c Dezider Maar, Mária Vincúrová, Štefan Kopecký ; Emil Schwarz 
300 |b Obr. 7. Res. rus., angl., nem. 
650 0 7 |a osteoartikulárna tuberkulóza  |2 snkbucl  |9 158663 
650 0 7 |a Mycobacterium avium  |2 snkbucl  |9 1355193 
655 7 |a články z novín a časopisov  |2 snkbucl  |9 267496 
700 1 |a Vincúrová, Mária  |4 aut  |9 1139828 
700 1 |a Kopecký, Štefan,  |d 1926-2019  |4 aut  |9 207109 
700 1 |a Schwarz, Emil  |4 aut  |9 641985 
773 0 |t Bratislavské lekárske listy  |g Roč. 69, č. 6 (1978), s. 692-698 
850 |a Slovenská národná knižnica 
852 |a Slovenská národná knižnica 
954 |a odborná, vedecká literatúra pôvodná (slovenská)  |2 lita 
958 |a article27 
958 |a RK 
958 |a OND 
958 |a EUIPO 
992 |a RBX 
999 |c 2752607  |d 2754537